[Event "SVE Seniors op 2nd"]
[Site "Eidelstedt"]
[Date "2019.07.22"]
[Round "3"]
[White "Pape, Rainer"]
[Black "Remer, Hans Herbert"]
[Result "1-0"]
[WhiteElo "1841"]
[BlackElo "1227"]
[PlyCount "89"]
[EventDate "2019.07.15"]
[EventType "swiss"]
[EventRounds "7"]
[EventCountry "GER"]
[SourceTitle "EXT 2020"]
[Source "ChessBase"]
[SourceDate "2019.10.17"]
[SourceVersion "1"]
[SourceVersionDate "2019.10.17"]
[SourceQuality "1"]

1. e4 e5 2. Nf3 d6 3. Bc4 Be7 4. Nc3 c6 5. d4 exd4 6. Nxd4 Nf6 7. 0-0 0-0 8. Be3 Nbd7 9. Nf5 Ne5 10. Nxe7+ Qxe7 11. Be2 Be6 12. Bg5 Bc4 13. f4 Bxe2 14. Qxe2 Ng6 15. Rad1 Rad8 16. Rfe1 h6 17. Bxf6 Qxf6 18. g3 Rfe8 19. Qf3 Re6 20. Qf2 c5 21. f5 Re5 22. fxg6 Qxg6 23. Rd5 Rxd5 24. Nxd5 Rd7 25. Qf5 Qe6 26. Qxe6 fxe6 27. Nf4 e5 28. Nd5 Kf7 29. Rf1+ Ke6 30. Rf8 b6 31. a4 c4 32. Rc8 Rf7 33. Rxc4 g5 34. Kg2 g4 35. Nc7+ Kd7 36. Nb5 a6 37. Rc7+ Ke6 38. Rxf7 Kxf7 39. Nxd6+ Ke6 40. Nc4 b5 41. axb5 axb5 42. Ne3 h5 43. b4 Kd6 44. h3 gxh3+ 45. Kxh3 1-0

[Event "Schleswig-Holstein-ch Seniors-A"]
[Site "Bad Segeberg"]
[Date "2018.03.26"]
[Round "3"]
[White "Erich, Juergen"]
[Black "Pape, Rainer"]
[Result "1-0"]
[WhiteElo "1916"]
[BlackElo "1870"]
[PlyCount "163"]
[EventDate "2018.03.24"]
[EventType "swiss"]
[EventRounds "9"]
[EventCountry "GER"]
[SourceTitle "EXT 2023"]
[Source "ChessBase"]
[SourceDate "2022.10.05"]
[SourceVersion "1"]
[SourceVersionDate "2022.10.05"]
[SourceQuality "1"]

1. d4 Nf6 2. Nc3 g6 3. e4 d6 4. Nf3 Bg7 5. Bc4 0-0 6. 0-0 c6 7. Bb3 b5 8. a3 Na6 9. Qe2 Nc7 10. Rd1 Bb7 11. Bg5 Qc8 12. e5 dxe5 13. dxe5 Nfd5 14. Nxd5 Nxd5 15. Bxd5 cxd5 16. Qxb5 Re8 17. Qe2 Qf5 18. Qd3 Qe6 19. Re1 h6 20. Bd2 Rec8 21. Nd4 Qg4 22. h3 Qd7 23. e6 Qe8 24. exf7+ Qxf7 25. Ne6 Rc6 26. Nxg7 Kxg7 27. Bc3+ Kh7 28. h4 Rf8 29. Qe3 Rc7 30. h5 Qf5 31. Qg3 Rd7 32. hxg6+ Qxg6 33. Qxg6+ Kxg6 34. Re6+ Kh7 35. Rae1 Rf7 36. Bb4 d4 37. Rxe7 Rg7 38. Rxd7 Rxd7 39. Re7+ Rxe7 40. Bxe7 a6 41. Bc5 Be4 42. Bxd4 Bxc2 43. Kf1 Kg6 44. Ke2 Kf5 45. Ke3 Bb3 46. f3 h5 47. Bb6 Bc4 48. Bc7 Bb3 49. Kd4 Bd1 50. b4 Ba4 51. Kc5 Ke6 52. Kb6 Bb5 53. Bd8 Kd5 54. g4 hxg4 55. fxg4 Kc4 56. g5 Kb3 57. Kc5 Kxa3 58. g6 Be8 59. g7 Bf7 60. Ba5 Kb3 61. Kd6 Kc4 62. Ke7 Bd5 63. Kf8 Kb5 64. g8Q Bxg8 65. Kxg8 Kc6 66. Kf7 Kd7 67. Kf6 Kd6 68. Kf5 Kd5 69. Kg4 Kc4 70. Kg3 Kd4 71. Kf4 Kd5 72. Ke3 Ke5 73. Kd3 Kd5 74. Kc3 Kd6 75. Kd4 Kc6 76. Kc4 Kd6 77. Kd4 Kc6 78. Ke5 Kb7 79. Kd6 Kb8 80. Kc6 Ka7 81. Kc7 Ka8 82. Kb6 1-0

[Event "Schleswig-Holstein-ch Seniors-A"]
[Site "Bad Segeberg"]
[Date "2018.03.26"]
[Round "4"]
[White "Pape, Rainer"]
[Black "Thielemann, Joachim"]
[Result "0-1"]
[WhiteElo "1870"]
[BlackElo "1767"]
[PlyCount "164"]
[EventDate "2018.03.24"]
[EventType "swiss"]
[EventRounds "9"]
[EventCountry "GER"]
[SourceTitle "EXT 2023"]
[Source "ChessBase"]
[SourceDate "2022.10.05"]
[SourceVersion "1"]
[SourceVersionDate "2022.10.05"]
[SourceQuality "1"]

1. e4 e5 2. Nf3 Nc6 3. Bb5 a6 4. Ba4 Bc5 5. c3 Nf6 6. d4 exd4 7. e5 Nd5 8. cxd4 Bb4+ 9. Bd2 Qe7 10. 0-0 Bxd2 11. Qxd2 Qb4 12. Bb3 Qxd2 13. Nbxd2 Nce7 14. Rac1 0-0 15. Ne4 b6 16. Nd6 Rb8 17. Nxc8 Rbxc8 18. a3 g6 19. Rc2 Kg7 20. Rfc1 c6 21. Ng5 f6 22. Ne4 fxe5 23. dxe5 Rf4 24. Re2 Rcf8 25. f3 Rd8 26. Nd6 Rd4 27. Rce1 Nf4 28. Re4 Rxe4 29. Rxe4 Rf8 30. Bc2 b5 31. Kf2 h5 32. Rd4 c5 33. Rd1 Nc6 34. g3 Ne6 35. f4 Nxe5 36. Kg2 Ng4 37. Re1 Nh6 38. Be4 Nf5 39. Nxf5+ gxf5 40. Bb7 a5 41. Re5 Kf6 42. Bd5 Rc8 43. Bf3 h4 44. Be2 hxg3 45. hxg3 Nd4 46. Bd3 d6 47. Re1 Rc7 48. Rh1 Rg7 49. Rh8 c4 50. Bf1 Ne6 51. Kf2 Nc5 52. Rb8 Ne4+ 53. Ke1 Re7 54. Kd1 Nxg3 55. Bg2 Re2 56. Bd5 Rxb2 57. Bxc4 b4 58. Rf8+ Ke7 59. Rf7+ Kd8 60. a4 Rf2 61. Rg7 Ne4 62. Bb5 Nc3+ 63. Ke1 Rxf4 64. Rd7+ Kc8 65. Rxd6 Nxb5 66. axb5 Kc7 67. Ra6 Re4+ 68. Kd2 Rd4+ 69. Ke3 Rd5 70. Rxa5 Kb6 71. Ra1 Kxb5 72. Rb1 Rc5 73. Kf4 Ka4 74. Ke3 b3 75. Kd4 Rc2 76. Kd3 Ka3 77. Rf1 Rc5 78. Ra1+ Kb2 79. Rf1 Ka2 80. Kd4 Rb5 81. Kc3 b2 82. Rf4 Rb3+ 0-1

[Event "Schleswig Holstein-ch Senioren"]
[Site "Ratzeburg"]
[Date "2017.04.10"]
[Round "3.8"]
[White "Pape, Rainer"]
[Black "Magdorf, Peter"]
[Result "1-0"]
[WhiteElo "1885"]
[BlackElo "2021"]
[PlyCount "81"]
[EventDate "2017.04.08"]
[EventType "swiss"]
[EventRounds "9"]
[EventCountry "GER"]
[SourceTitle "EXT 2022"]
[Source "ChessBase"]
[SourceDate "2021.10.06"]
[SourceVersion "1"]
[SourceVersionDate "2021.10.06"]
[SourceQuality "1"]

1. d4 g6 2. Bf4 Bg7 3. c3 d5 4. Nf3 e6 5. Nbd2 Ne7 6. e4 0-0 7. Bd3 b6 8. 0-0 Ba6 9. Bxa6 Nxa6 10. Qe2 Qc8 11. e5 c5 12. Rac1 c4 13. Bg5 Qd7 14. b3 b5 15. h3 Nc7 16. Nh2 f5 17. exf6 Bxf6 18. Bxf6 Rxf6 19. Ng4 Rff8 20. b4 Nc6 21. Nf3 Rae8 22. Nfe5 Qd6 23. Qc2 Re7 24. Rfe1 Ne8 25. a4 a6 26. Ra1 Nxe5 27. Nxe5 Nf6 28. axb5 axb5 29. Qa2 Ne4 30. Rxe4 dxe4 31. Qa5 Qd5 32. Re1 Ra8 33. Qb6 Ra3 34. Re3 Re8 35. Qc7 Rf8 36. Ng4 Qg5 37. Rxe4 h5 38. f4 Rxf4 39. Rxf4 Ra7 40. Nf6+ Qxf6 41. Qb8+ 1-0

[Event "Pinneberg op Seniors 16th"]
[Site "Pinneberg"]
[Date "2015.08.13"]
[Round "7"]
[White "Pape, Rainer"]
[Black "Engels, Jan"]
[Result "1/2-1/2"]
[WhiteElo "1634"]
[BlackElo "1353"]
[PlyCount "112"]
[EventDate "2015.07.02"]
[EventType "swiss"]
[EventRounds "7"]
[EventCountry "GER"]
[SourceTitle "EXT 2017"]
[Source "ChessBase"]
[SourceDate "2016.10.25"]
[SourceVersion "1"]
[SourceVersionDate "2016.10.25"]
[SourceQuality "1"]

1. e4 c5 2. Nc3 Nc6 3. Bc4 e6 4. f4 Nge7 5. Nf3 a6 6. a3 b5 7. Ba2 c4 8. b3 d5 9. 0-0 Qb6+ 10. Kh1 d4 11. Ne2 d3 12. Ng3 dxc2 13. Qxc2 cxb3 14. Qxb3 Nd4 15. Nxd4 Qxd4 16. Qb2 Qxb2 17. Bxb2 Bb7 18. Rac1 Rc8 19. d3 Rxc1 20. Rxc1 Kd7 21. Be5 Nc6 22. Bb2 f6 23. d4 b4 24. d5 exd5 25. Bxd5 bxa3 26. Ba1 Bd6 27. Ne2 Rb8 28. g3 Nb4 29. Bxb7 Rxb7 30. e5 fxe5 31. fxe5 Bf8 32. Nf4 a5 33. Rd1+ Kc8 34. Ne6 Be7 35. Nxg7 Nc2 36. Rc1 Rc7 37. Ne8 Rc6 38. Nf6 Kb7 39. Nxh7 a2 40. Nf6 Nxa1 41. Rxa1 Rc2 42. Nd5 Ba3 43. Nc3 Bb2 44. Rxa2 Rc1+ 45. Kg2 Bxc3 46. Re2 Kc7 47. e6 Kd8 48. Kf3 Ke7 49. Re4 Rf1+ 50. Ke2 Re1+ 51. Kd3 Rxe4 52. Kxe4 Kxe6 53. Kd3 Be5 54. Kc4 Kf5 55. Kb5 Bc7 56. h3 Bd8 1/2-1/2

[Event "Pinneberg op Seniors 16th"]
[Site "Pinneberg"]
[Date "2015.07.23"]
[Round "4"]
[White "Van Riesen, Klaus"]
[Black "Pape, Rainer"]
[Result "1-0"]
[WhiteElo "1997"]
[BlackElo "1634"]
[PlyCount "41"]
[EventDate "2015.07.02"]
[EventType "swiss"]
[EventRounds "7"]
[EventCountry "GER"]
[SourceTitle "EXT 2017"]
[Source "ChessBase"]
[SourceDate "2016.10.25"]
[SourceVersion "1"]
[SourceVersionDate "2016.10.25"]
[SourceQuality "1"]

1. d4 Nf6 2. Nf3 g6 3. c4 Bg7 4. Nc3 d6 5. e4 Nc6 6. Be2 Bd7 7. 0-0 a6 8. d5 Nb8 9. Bg5 h6 10. Bf4 g5 11. Be3 Ng4 12. Bd4 f6 13. Nd2 Qc8 14. h3 Ne5 15. Bh5+ Kf8 16. Bxe5 dxe5 17. c5 c6 18. Nc4 cxd5 19. Nb6 Qxc5 20. Ncxd5 Bb5 21. Rc1 1-0

[Event "Pinneberg op Seniors 16th"]
[Site "Pinneberg"]
[Date "2015.07.02"]
[Round "1"]
[White "Pape, Rainer"]
[Black "Hecht, Horst"]
[Result "1-0"]
[WhiteElo "1634"]
[BlackElo "1191"]
[PlyCount "83"]
[EventDate "2015.07.02"]
[EventType "swiss"]
[EventRounds "7"]
[EventCountry "GER"]
[SourceTitle "EXT 2017"]
[Source "ChessBase"]
[SourceDate "2016.10.25"]
[SourceVersion "1"]
[SourceVersionDate "2016.10.25"]
[SourceQuality "1"]

1. e4 e5 2. Nf3 Nc6 3. Bb5 Nf6 4. Nc3 d6 5. 0-0 Be7 6. d4 0-0 7. Bxc6 bxc6 8. dxe5 dxe5 9. Nxe5 Bd6 10. Nxc6 Qe8 11. Nd4 Bb7 12. Bg5 Be5 13. f4 Bxd4+ 14. Qxd4 Nxe4 15. Nxe4 Bxe4 16. Rae1 f5 17. Bh4 Qg6 18. Rf2 Qg4 19. Be7 Rfe8 20. Bb4 a5 21. Bc3 Qg6 22. Re3 Rad8 23. Qc4+ Bd5 24. Qxc7 Bf7 25. Rxe8+ Rxe8 26. Be5 Qe6 27. Qxa5 h6 28. Rd2 g5 29. Rd8 gxf4 30. Rxe8+ Qxe8 31. Bxf4 Qe6 32. Be5 Qd7 33. Qc3 Bxa2 34. b3 Qd1+ 35. Kf2 Qd7 36. Bf4 h5 37. Qc4+ Kg7 38. Qc7 Qxc7 39. Bxc7 Kg6 40. Ke3 Bb1 41. Kd2 Kg5 42. Kc1 1-0

[Event "Schleswig Holstein-ch Seniors"]
[Site "Hanerau"]
[Date "2015.04.02"]
[Round "8"]
[White "Helbing Becker, Roger"]
[Black "Pape, Rainer"]
[Result "1/2-1/2"]
[WhiteElo "1707"]
[BlackElo "1903"]
[PlyCount "41"]
[EventDate "2015.03.28"]
[EventType "swiss"]
[EventRounds "9"]
[EventCountry "GER"]
[SourceTitle "EXT 2018"]
[Source "ChessBase"]
[SourceDate "2017.10.13"]
[SourceVersion "1"]
[SourceVersionDate "2017.10.13"]
[SourceQuality "1"]

1. e4 e5 2. Nf3 Nc6 3. d4 exd4 4. Nxd4 Nxd4 5. Qxd4 Qf6 6. e5 Qb6 7. Qxb6 axb6 8. Nc3 Bb4 9. Bd2 Ne7 10. a3 c6 11. Bd3 d5 12. exd6 Bxd6 13. 0-0 0-0 14. Rfe1 Nf5 15. Rad1 Be6 16. Ne4 h6 17. Nxd6 Nxd6 18. Bf4 Nf5 19. f3 b5 20. c3 Rfd8 21. Bxf5 1/2-1/2

[Event "Schleswig Holstein-ch Seniors"]
[Site "Hanerau"]
[Date "2015.04.01"]
[Round "4"]
[White "Schwerdtfeger, Wolfgang"]
[Black "Pape, Rainer"]
[Result "1-0"]
[WhiteElo "1822"]
[BlackElo "1903"]
[PlyCount "53"]
[EventDate "2015.03.28"]
[EventType "swiss"]
[EventRounds "9"]
[EventCountry "GER"]
[SourceTitle "EXT 2018"]
[Source "ChessBase"]
[SourceDate "2017.10.13"]
[SourceVersion "1"]
[SourceVersionDate "2017.10.13"]
[SourceQuality "1"]

1. c4 Nf6 2. Nc3 e5 3. g3 Bc5 4. e3 0-0 5. Bg2 c6 6. Na4 Be7 7. c5 d5 8. cxd6 Qxd6 9. Ne2 Na6 10. a3 Qd3 11. 0-0 Bg4 12. Re1 Be6 13. Nac3 Nc5 14. Rf1 Bb3 15. Qe1 Rad8 16. Kh1 Qg6 17. d4 exd4 18. Nf4 Qf5 19. exd4 Rxd4 20. Qxe7 Re8 21. Bh3 Qc2 22. Qxc5 Rd1 23. Be3 Rxa1 24. Rxa1 Ne4 25. Nxe4 Qxe4+ 26. Bg2 Qa4 27. Qb4 1-0

[Event "GER-chT Seniors 23rd"]
[Site "Bergen"]
[Date "2014.09.01"]
[Round "1.4"]
[White "Schellhorn, Wolfgang"]
[Black "Pape, Rainer"]
[Result "1/2-1/2"]
[WhiteElo "2146"]
[BlackElo "1891"]
[PlyCount "63"]
[EventDate "2014.09.01"]
[EventType "team-swiss"]
[EventRounds "7"]
[EventCountry "GER"]
[SourceTitle "EXT 2018"]
[Source "ChessBase"]
[SourceDate "2017.10.13"]
[SourceVersion "1"]
[SourceVersionDate "2017.10.13"]
[SourceQuality "1"]

1. e4 e5 2. Nf3 Nc6 3. Bb5 a6 4. Ba4 Nf6 5. 0-0 Be7 6. Re1 b5 7. Bb3 0-0 8. d3 d6 9. a3 Bg4 10. Nbd2 Nd4 11. Ba2 c5 12. h3 Be6 13. Bxe6 Nxe6 14. Nf1 Nd4 15. N3h2 Nd7 16. c3 Ne6 17. Ng3 Bg5 18. Nf5 Nf6 19. Bxg5 Nxg5 20. Re3 g6 21. Nh6+ Kg7 22. N6g4 Nxg4 23. hxg4 Ne6 24. Rg3 Qg5 25. Nf3 Qd8 26. Qd2 Nf4 27. d4 cxd4 28. cxd4 Qe7 29. g5 f6 30. gxf6+ Qxf6 31. Rd1 Rac8 32. Kf1 1/2-1/2

[Event "Kiel op-B 27th"]
[Site "Kiel"]
[Date "2014.08.03"]
[Round "3"]
[White "Hogreve, Holger"]
[Black "Pape, Rainer"]
[Result "0-1"]
[WhiteElo "1510"]
[BlackElo "1891"]
[PlyCount "108"]
[EventDate "2014.08.02"]
[EventType "swiss"]
[EventRounds "9"]
[EventCountry "GER"]
[SourceTitle "CBM 161 Extra"]
[Source "ChessBase"]
[SourceDate "2014.08.29"]
[SourceVersion "1"]
[SourceVersionDate "2014.08.29"]
[SourceQuality "1"]

1. Nf3 Nf6 2. d4 g6 3. Bg5 Bg7 4. e3 c5 5. c3 cxd4 6. exd4 0-0 7. Bd3 Qb6 8. Qc2 d6 9. Nbd2 Nd5 10. 0-0 Bg4 11. Rfe1 Nc6 12. h3 Be6 13. Re2 h6 14. Bh4 Nf4 15. Re3 Nxd3 16. Qxd3 Bf5 17. Qf1 g5 18. Bg3 Rfe8 19. Nc4 Qc7 20. Rae1 b5 21. Ncd2 e5 22. dxe5 dxe5 23. b3 a6 24. c4 f6 25. Nb1 Qb7 26. Nbd2 Bg6 27. Ne4 Rad8 28. Nc3 bxc4 29. Qxc4+ Bf7 30. Qf1 Rd7 31. Ne4 Qb6 32. Rc1 Nd4 33. Rec3 Red8 34. Nc5 Ra7 35. Ne4 Qa5 36. a4 Nxb3 37. Nc5 Nxc1 38. Qxc1 Qb4 39. Rc2 Bf8 40. Ne1 Rd5 41. Ned3 Qa5 42. Nb3 Qxa4 43. Nbc5 Qb5 44. Qe3 Rc7 45. Rb2 Bxc5 46. Qc1 Qxd3 47. Rb8+ Kg7 48. Qb2 Rdd7 49. Ra8 Bd4 50. Qb8 Bd5 51. Qh8+ Kg6 52. Qe8+ Rf7 53. Rd8 Qxg3 54. Rxd5 Rc1# 0-1

[Event "Schleswig Holstein-ch Seniors"]
[Site "Leck"]
[Date "2014.04.16"]
[Round "7"]
[White "Pape, Rainer"]
[Black "Kornrumpf, Joachim"]
[Result "1-0"]
[WhiteElo "1836"]
[BlackElo "2068"]
[PlyCount "117"]
[EventDate "2014.04.12"]
[EventType "swiss"]
[EventRounds "9"]
[EventCountry "GER"]
[SourceTitle "EXT 2018"]
[Source "ChessBase"]
[SourceDate "2017.10.13"]
[SourceVersion "1"]
[SourceVersionDate "2017.10.13"]
[SourceQuality "1"]

1. e4 c5 2. Bc4 e6 3. Nc3 a6 4. a3 Nc6 5. d3 Nge7 6. f4 d5 7. Ba2 dxe4 8. dxe4 Qxd1+ 9. Kxd1 b5 10. Be3 Nd4 11. Nce2 Nxe2 12. Nxe2 Bb7 13. Ng3 Nc6 14. c3 Be7 15. Ke2 0-0-0 16. Rad1 Rxd1 17. Rxd1 h5 18. Bb1 Na5 19. b4 Nc4 20. Bc1 Bf6 21. e5 Be7 22. Be4 Bxe4 23. Nxe4 cxb4 24. axb4 Rd8 25. Rd3 Rxd3 26. Kxd3 Kc7 27. Ng3 g6 28. Ke4 a5 29. bxa5 Nxa5 30. Ne2 Bc5 31. Be3 Bxe3 32. Kxe3 Kc6 33. Nd4+ Kb6 34. Nf3 Nc6 35. Ng5 Nd8 36. Ne4 Ka5 37. Kd4 b4 38. cxb4+ Kxb4 39. Nd6 Nc6+ 40. Ke3 Nd8 41. Kf3 Kc5 42. g4 Kd5 43. gxh5 gxh5 44. Ne4 h4 45. Nf6+ Kd4 46. Kg4 Ke3 47. Nh5 Nc6 48. Kxh4 Ne7 49. Kg5 Nd5 50. h4 Kf3 51. f5 Ke4 52. fxe6 fxe6 53. Nf6+ Kxe5 54. Nxd5 exd5 55. h5 d4 56. h6 d3 57. h7 d2 58. h8Q+ Ke4 59. Qh1+ 1-0

[Event "Schleswig Holstein-ch Seniors"]
[Site "Leck"]
[Date "2014.04.15"]
[Round "5"]
[White "Pape, Rainer"]
[Black "Berenstein, Alexander"]
[Result "0-1"]
[WhiteElo "1836"]
[BlackElo "2030"]
[PlyCount "74"]
[EventDate "2014.04.12"]
[EventType "swiss"]
[EventRounds "9"]
[EventCountry "GER"]
[SourceTitle "EXT 2018"]
[Source "ChessBase"]
[SourceDate "2017.10.13"]
[SourceVersion "1"]
[SourceVersionDate "2017.10.13"]
[SourceQuality "1"]

1. e4 e5 2. Nf3 Nc6 3. Bc4 Bc5 4. c3 d6 5. d4 exd4 6. cxd4 Bb6 7. 0-0 h6 8. Nc3 Bg4 9. d5 Nd4 10. Be3 Nxf3+ 11. gxf3 Bh3 12. Bb5+ Kf8 13. f4 Bxf1 14. Qxf1 Bxe3 15. fxe3 a6 16. Bd3 g6 17. e5 dxe5 18. fxe5 Qg5+ 19. Kh1 Kg7 20. e6 fxe6 21. dxe6 Rf8 22. Qh3 Ne7 23. Rg1 Qe5 24. Qg4 Rf2 25. Qh4 Qf6 26. Qh3 Qf3+ 27. Qxf3 Rxf3 28. Re1 c6 29. Ne4 Rd8 30. Kg2 Rf5 31. Bc4 b5 32. Bb3 c5 33. Ng3 Re5 34. Rf1 Rf8 35. Rd1 c4 36. Rd7 Rxe6 37. Bd1 Rxe3 0-1

[Event "Kiel op-B 26th"]
[Site "Kiel"]
[Date "2013.07.31"]
[Round "7"]
[White "Pape, Rainer"]
[Black "Drumm, Gerrit"]
[Result "0-1"]
[WhiteElo "1849"]
[BlackElo "1541"]
[PlyCount "54"]
[EventDate "2013.07.27"]
[EventType "swiss"]
[EventRounds "9"]
[EventCountry "GER"]
[SourceTitle "EXT 2018"]
[Source "ChessBase"]
[SourceDate "2017.10.13"]
[SourceVersion "1"]
[SourceVersionDate "2017.10.13"]
[SourceQuality "1"]

1. e4 c6 2. d4 d5 3. Nc3 dxe4 4. Nxe4 Nf6 5. Nxf6+ exf6 6. Bc4 Qe7+ 7. Be3 Qb4+ 8. c3 Qxc4 9. Ne2 Bd6 10. 0-0 0-0 11. Nf4 Bxf4 12. Bxf4 Qd5 13. Re1 Be6 14. Qd3 Qf5 15. Qd2 Nd7 16. b3 Nb6 17. Rac1 Rac8 18. Bg3 Rfe8 19. Re3 Qg5 20. Qe1 Nd5 21. Re4 Bd7 22. f4 Qf5 23. Rxe8+ Rxe8 24. Qd2 Re4 25. c4 Nxf4 26. Rf1 Ne2+ 27. Qxe2 Rxe2 0-1

[Event "Schleswig Holstein-ch Seniors 63rd"]
[Site "Gross Groenau"]
[Date "2008.03.20"]
[Round "8"]
[White "Dyck, Ernst"]
[Black "Pape, Rainer"]
[Result "0-1"]
[WhiteElo "1673"]
[BlackElo "1669"]
[PlyCount "72"]
[EventDate "2008.03.15"]
[EventType "swiss"]
[EventRounds "9"]
[EventCountry "GER"]
[SourceTitle "EXT 2010"]
[Source "ChessBase"]
[SourceDate "2010.11.25"]
[SourceVersion "1"]
[SourceVersionDate "2010.11.25"]
[SourceQuality "1"]

1. d4 c5 2. d5 Nf6 3. c4 d6 4. Nc3 g6 5. e4 Bg7 6. Bd3 Nbd7 7. f4 0-0 8. Nf3 e6 9. 0-0 exd5 10. cxd5 a6 11. a4 Nb6 12. a5 Nbd7 13. Be3 Ng4 14. Qe1 Nxe3 15. Qxe3 b6 16. Kh1 b5 17. Qd2 c4 18. Bb1 Nc5 19. Ra2 Nb3 20. Qf2 Nxa5 21. f5 Nb3 22. g4 Rb8 23. g5 Qb6 24. f6 Qxf2 25. Rxf2 Bh8 26. h4 h5 27. gxh6 Bxf6 28. Ng5 Bxg5 29. hxg5 a5 30. Rf6 Bg4 31. Rxd6 b4 32. e5 bxc3 33. bxc3 Nc1 34. Rxa5 Rxb1 35. e6 fxe6 36. dxe6 Ne2+ 0-1

[Event "Schleswig Holstein-ch Seniors 63rd"]
[Site "Gross Groenau"]
[Date "2008.03.16"]
[Round "2"]
[White "Pape, Rainer"]
[Black "Jasper, Erich"]
[Result "0-1"]
[WhiteElo "1669"]
[BlackElo "1391"]
[PlyCount "78"]
[EventDate "2008.03.15"]
[EventType "swiss"]
[EventRounds "9"]
[EventCountry "GER"]
[SourceTitle "EXT 2010"]
[Source "ChessBase"]
[SourceDate "2010.11.25"]
[SourceVersion "1"]
[SourceVersionDate "2010.11.25"]
[SourceQuality "1"]

1. e4 c5 2. Nc3 Nc6 3. f4 d6 4. Bc4 Nf6 5. Nf3 h6 6. 0-0 e6 7. Qe1 a6 8. a3 Be7 9. d3 0-0 10. e5 dxe5 11. fxe5 Nd5 12. Qg3 Kh8 13. Ne4 b5 14. Ba2 f6 15. Nh4 Rf7 16. Ng6+ Kh7 17. Nxe7 Qxe7 18. Nd6 Rf8 19. c4 Nc7 20. cxb5 Nxe5 21. Nxc8 Raxc8 22. bxa6 Nxa6 23. Bf4 Nf7 24. d4 cxd4 25. Qd3+ Kh8 26. Qxa6 e5 27. Bg3 Nd6 28. Rac1 f5 29. Be1 Rxc1 30. Bb4 Rxf1+ 31. Kxf1 Rd8 32. Qc6 Qf6 33. Qc7 e4 34. Ba5 Rc8 35. Qd7 Rc1+ 36. Ke2 d3+ 37. Kf2 Qd4+ 38. Kg3 Qe3+ 39. Kh4 Qf4+ 0-1